000
00282nam a22001217a 4500
020
_a
0-442-21774-9
082
_a
621.389324 MAG'C
100
_a
CAMRAS, MARVIN
_9
65539
245
_a
MAGNETIC TAPE RECORDING
260
_a
NEWYORK
_b
VAN NOSTRAND
_c
1985
300
_a
443P
942
_c
BK
999
_c
573715
_d
573715